000 00891cam a2200289 i 4500
001 2298502
003 OSt
005 20230704134220.0
008 800428s1980 nyu b 001 0 eng
010 _a 80015871
020 _a0671247824
040 _aDLC
_cDLC
_dDLC
043 _an-us---
050 0 0 _aJK516
_b.H62
082 0 0 _a353.03/1
_bHOD
100 1 _aHodgson, Godfrey.
245 1 0 _aAll things to all men :
_bthe false promise of the modern American presidency /
_cby Godfrey Hodgson.
260 _aNew York :
_bSimon and Schuster,
_cc1980.
300 _a296 p. ;
_c25 cm.
500 _aIncludes index.
504 _aBibliography: p. 277-283.
650 0 _aPresidents
_zUnited States.
650 0 _aExecutive power
_zUnited States.
651 0 _aUnited States
_xPolitics and government
_y1945-1989.
906 _a7
_bcbc
_corignew
_d1
_eocip
_f19
_gy-gencatlg
942 _2ddc
_cBK
999 _c3836
_d3836